| 000 | 004200000a22001690004500 | ||
|---|---|---|---|
| 003 | MACL | ||
| 005 | 20151219143903.0 | ||
| 008 | 151219b xxu||||| |||| 00| 0 eng d | ||
| 040 |
_aMACL _cMACL |
||
| 041 | _aEnglish | ||
| 082 | _a573.8/PIN | ||
| 100 |
_aPinel, John P J _921439 |
||
| 245 | _aBiopsychology | ||
| 260 |
_bAllyn and Bacon _c1997 _aSingapore |
||
| 650 |
_aLife Science _921440 |
||
| 942 |
_cBK _k573.8/PIN _2ddc |
||
| 999 |
_c40372 _d40372 |
||